01412nam a2200241Ia 4500001000600000003000900006008004100015040001300056040001300069041001300082100002400095100002900119245004000148245004000188250001100228260001200239260002900251260004900280300005700329500072600386650002701112650003101139C7505IT-RoPAU130308s9999 xx 000 0 und d aIT-RoPAU cIT-RoPAU aITALIANO aDe Santi Pier Marco gCodice Aut. SPICS: 11754 aNino Rota - le immagini & la musica bNino Rota - le immagini & la Musica a1a ed. aFIRENZE bGiunti Gruppo Editoriale c1992 [1° Ed.:1992 - Ed.Ling.Originale:1992] a"160 p. (prefazione: no ; testo: 160 [pagine: 0-0])" aMusicista di tutti I Film di Fellini, Ha pure un Folto Catalogo di Opere Liriche, Balletti Teatrali, musiche da camera e da concerto e Musicista di Altri 140 Film Oltre quelli di Fellini: Uno dei musicisti Piu' Richiesti Delcinema Mondiale. Questo Libro è Biografia Illustrata di Rota, Storia del Cinema e del costume Italiano Dagli Anni 40 Agli Anni 70. Biografia: Apprendistato di un fanciullo Prodigio. incontro con Fellini. Album della Gioventu': 1911/1933. Tempi di Guerra: 1933/1949. dovere del Gioco: 1950/1959. Cose da Grandi: 1960/1969. Oscar e Dintorni: 1970/1979. Schede e Note di Tuttii Film Musicati da Rota. Elenco di Tutte le Sue Musiche. a parte Il Compact Disc Sulle Sue Grandi colonne sonore di Film. aAUTORI/OPERE DI MUSICA eCodice materia Spics: 7007